|
|
|
|
| LEADER |
00000ny a22000003n 4500 |
| 003 |
CaPaEBR |
| 005 |
20110623182544.0 |
| 006 |
m u |
| 007 |
cr cn||||||||| |
| 008 |
200606r2004 sp |||||s|||||||||||spa d |
| 020 |
|
|
|a 9788497727006
|
| 035 |
|
|
|a 1272
|
| 040 |
|
|
|a FlNmELB
|c FlNmELB
|d vlex
|
| 050 |
1 |
4 |
|a R724
|b H532 2004eb
|
| 050 |
1 |
4 |
|a R724
|b H532 2004eb
|
| 080 |
|
|
|a 614.254(060.13)
|
| 090 |
|
|
|c 1107
|d 1107
|
| 100 |
1 |
|
|a Heras Garca̕, Manuel aÌ‚Angel de las
|
| 245 |
1 |
0 |
|a Estatuto ťico-jurd̕ico de la profesin̤ mďica
|h [Recurso electrn̤ico]
|n Tomo I /
|c Manuel aÌ‚Angel de las Heras Garca̕
|
| 256 |
|
|
|a Servicio en ln̕ea
|
| 260 |
|
|
|a Madrid :
|b Dykinson,
|c [2004]
|
| 300 |
|
|
|a xxv, 390 p
|
| 506 |
1 |
|
|a Contenido solo disponible en los productos indicados
|d vLex Global
|d vLex Global (Academic Edition, excluding Law Schools)
|d vLex Global (U.S. Academic Edition, Law Schools)
|d vLex Global (U.S. Academic Edition, excluding Law Schools)
|d vLex Global (Academic Edition, Law Schools)
|
| 650 |
0 |
7 |
|a Medicina
|2 Tesauro vLex
|
| 650 |
0 |
7 |
|a Mďicos
|2 Tesauro vLex
|
| 650 |
0 |
7 |
|a Medicina legal
|2 Tesauro vLex
|
| 650 |
0 |
7 |
|a Profesiones liberales
|2 Tesauro vLex
|
| 650 |
0 |
7 |
|a Mďicos
|2 Tesauro vLex
|
| 650 |
0 |
7 |
|a Profesiones liberales
|2 Tesauro vLex
|
| 740 |
0 |
|
|a vLex Libros (Servicios en ln̕ea)
|
| 740 |
0 |
|
|a vLex Libros (Servicios en ln̕ea)
|
| 856 |
4 |
0 |
|u http://vlex.com/source/1272
|z Acceso restringido
|
| 942 |
|
|
|c BOOK
|